Teoretický a experimentální výzkum mezní únosnosti jednoose symetrických tlačených prutů

Bibliographic Details
Main Authors: Šertler, Hynek, 1933-2006 (Author), Vičan, Jozef (Author)
Format: Article
Language:Slovak
Czech
PhysicalDescription:Obr. 1. Tb. 3. Grafy 4. Res. rus., angl., nem., lit. 15 zázn. v češ., angl.
Subjects:

MARC

LEADER 00000nab a2200000 a 4500
001 vtls000362056
003 SK-MaSNL
005 20260304081233.0
008 250424c1989 xo 0 slo
015 |a SNBRB19rr/mm-uuuuu 
035 |a CL0362178 
035 |a urn:nbn:sk:snk-ab2k6l 
035 |a (urnnbn)urn:nbn:sk:snk:ar-a02jqd 
035 |a (uuid)ac109b6c-c11f-47b9-9d0f-fd01abdf2a1d 
040 |a SNKBUCL  |b slo  |c SNKBUCL  |e AACR2 
041 0 |a cze 
044 |a xo  |c SK 
080 |a 624.071.34  |2 1981 
100 1 |a Šertler, Hynek,  |d 1933-2006  |4 aut  |9 37198 
245 1 0 |a Teoretický a experimentální výzkum mezní únosnosti jednoose symetrických tlačených prutů  |c Hynek Šertler, Jozef Vičan 
300 |b Obr. 1. Tb. 3. Grafy 4. Res. rus., angl., nem., lit. 15 zázn. v češ., angl. 
650 0 7 |a prúty tlačené  |2 snkbucl  |9 940664 
650 0 7 |a únosnosť medzná  |2 snkbucl  |9 1233201 
655 7 |a články z novín a časopisov  |2 snkbucl  |9 267496 
700 1 |a Vičan, Jozef  |4 aut  |9 525689 
773 0 |t Inženýrské stavby  |g Roč. 37, č. 4 (1989), s. 213-219 
850 |a Slovenská národná knižnica 
852 |a Slovenská národná knižnica 
954 |a odborná, vedecká literatúra cudzojazyčná (svetová)  |2 lita 
958 |a article2022 
958 |a NB 
958 |a RK 
958 |a CZ 
958 |a OND 
958 |a EUIPO 
992 |a RBX 
999 |c 2790021  |d 2791951